|
|
|
|
| LEADER |
00615nam a22001577a 4500 |
| 020 |
|
|
|a 8171094376
|
| 082 |
|
|
|a V 221.66
|b N9
|
| 100 |
|
|
|a Ceresko, Anthony R.
|9 12656
|
| 245 |
|
|
|a Introduction to Old Testament wisdom:
|b a spirituality for liberation/
|c Anthony R Ceresko.
|
| 260 |
|
|
|a Mumbai:
|b ST PAULS,
|c 1999.
|
| 300 |
|
|
|a 255p.
|
| 504 |
|
|
|a Includes bibliographical references and index.
|
| 650 |
|
|
|a Bible-Criticism and interpretation.
|9 12657
|
| 942 |
|
|
|c BK
|
| 999 |
|
|
|c 63610
|d 63610
|
| 952 |
|
|
|0 0
|1 0
|4 0
|5 1
|6 V_221_660000000000000_N9
|7 1
|8 VCH
|9 55451
|a MGUL
|b MGUL
|c VIV
|d 2015-02-03
|l 0
|o V 221.66 N9
|p G02623
|r 2015-02-03
|w 2015-02-03
|y BK
|